Switzerland Canton Capitals - Statistics

General Stats
  • This quiz has been taken 1,015 times
  • The average score is 20 of 26
Answer Stats
Canton Popul. Capital % Correct
Basel-Stadt 172,662 Basel
99%
Bern 125,681 Bern
99%
Geneva 194,269 Geneva
99%
Zürich 394,709 Zürich
98%
Lucerne 78,093 Lucerne
95%
St. Gallen 73,505 St. Gallen
95%
Fribourg 35,680 Fribourg
94%
Neuchâtel 33,412 Neuchâtel
93%
Zug 26,904 Zug
92%
Vaud 130,515 Lausanne
86%
Schaffhausen 35,121 Schaffhausen
86%
Solothurn 16,311 Solothurn
83%
Aargau 20,128 Aarau
79%
Schwyz 14,331 Schwyz
79%
Graubünden/Grisons 33,984 Chur
78%
Glarus 12,291 Glarus
76%
Valais 30,717 Sion
75%
Appenzell Innerrhoden 5,751 Appenzell
71%
Ticino 17,544 Bellinzona
71%
Jura 11,676 Delémont
61%
Thurgau 23,691 Frauenfeld
58%
Basel-Landschaft 13,756 Liestal
57%
Uri 8,903 Altdorf
54%
Appenzell Ausserrhoden 15,179 Herisau
48%
Nidwalden 8,064 Stans
47%
Obwalden 9,967 Sarnen
44%
No matching quizzes found
Score Distribution
Percent of People with Each Score
Percentile by Number Answered
Your Score History
You have not taken this quiz